000 00687nam a2200253Ia 4500
003 OSt
005 20220918201051.0
006 a|||||r|||| 00| 0
007 ta
008 220917b |||||||| |||| 00| 0 eng d
024 _a91,498
037 _cTextual
040 _aARTS
_cARTS
_beng
041 _2eng
_aeng
082 _aV1.N9, N3
100 _aKennedy Paul
_931491
245 0 _aPreparing for the twenty first century
260 _aNew Delhi
_bHarper Collins
_c1993
300 _axvi,429p.
_ccm.
500 _aBib 389-406p; App 351-52p; Includes index
650 _aWORLD HISTORY
942 _hV1.N9, N3
_cTEXL
_2CC
999 _c215157
_d215157